Beküldött művek

Elmentve itt :
Bibliográfiai részletek
Dokumentumtípus: Cikk
Megjelent: 1899
Sorozat:Magyar pedagógia : a Magyar Tudományos Akadémia Pedagógiai Bizottságának folyóirata 8
Kulcsszavak:Bibliográfia
Online Access:http://misc.bibl.u-szeged.hu/7484
LEADER 00568nab a2200169 i 4500
001 misc7484
005 20191106144141.0
008 170607s1899 hu o 0|| hun d
022 |a 0025-0260 
040 |a SZTE Miscellanea Repozitórium  |b hun 
041 |a hun 
245 0 0 |a Beküldött művek  |h [elektronikus dokumentum] 
260 |c 1899 
300 |a 127-128 
490 0 |a Magyar pedagógia : a Magyar Tudományos Akadémia Pedagógiai Bizottságának folyóirata  |v 8 
695 |a Bibliográfia 
856 4 0 |u http://misc.bibl.u-szeged.hu/7484/1/mp_1899_127-128.pdf  |z Dokumentum-elérés